Načítá se...
Small States Smart Solutions Improving connectivity and increasing the Effectiveness of p /
| Hlavní autor: | |
|---|---|
| Jazyk: | Undetermined |
| Vydáno: |
Washinton :
WB ,
2008.
|
| Edice: | Directions In Development
|
| Témata: |
| LEADER | 00552nam a2200157Ia 4500 | ||
|---|---|---|---|
| 001 | 158246 | ||
| 008 | 170722s9999 xx 000 0 und d | ||
| 100 | |a Favaro, Edgardo M. | ||
| 245 | |a Small States Smart Solutions |b Improving connectivity and increasing the Effectiveness of p / | ||
| 260 | |a Washinton : |b WB , |c 2008. | ||
| 300 | |a XVi, 290 | ||
| 490 | |a Directions In Development | ||
| 653 | |a Public Services,effective Public Service | ||
| 942 | |c GEN | ||
| 999 | |c 174376 |d 174376 | ||
| 952 | |0 0 |1 0 |4 0 |7 0 |9 240216 |a LIB |b LIB |d 2017-08-12 |p UN3076 |r 2017-08-12 |w 2017-08-12 |y GEN | ||